000 00522nam a2200193Ia 4500
005 20250326144827.0
008 250326s9999 xx 000 0 und d
020 _a81-7446-252-X
037 _aTextbook
040 _aFMSL
_beng
_cFMSL
041 _aeng
_2eng
084 _aX:74 P1
_qFMSL
100 _aSingh Devi
_9301181
245 0 _aCorporate goverce
_cSingh Devi; Garg Subash
260 _aNew Delhi
_bNew Delhi, Excel
_c2001
300 _axv,287
942 _cTB
_hX:74 P1
999 _c1305223
_d1305223